000
00238nam a22001097a 4500
003
OSt
008
241206b |||||||| |||| 00| 0 eng d
041
_a
eng
100
_a
Balakrishnan
_9
4458
245
_a
Pluto Priyappetta Pluto
942
_c
BK
999
_c
18330
_d
18330